[Event "Open de Provence 2015 A"]
[Site "Salon de Provence"]
[Date "2015.07.04"]
[Round "8.3"]
[White "Dudognon, Thibault"]
[Black "Barret, Simon"]
[Result "0-1"]
[WhiteElo "2164"]
[BlackElo "2161"]
[PlyCount "98"]
[EventDate "2015.??.??"]

1. e4 e6 2. d4 d5 3. e5 c5 4. c3 Nc6 5. Nf3 Bd7 6. a3 c4 7. Nbd2 Na5 8. g3 Ne7
9. h4 Nc8 10. Bh3 Nb6 11. O-O Ba4 12. Qe2 Qd7 13. Ne1 O-O-O 14. f4 g6 15. h5
Rg8 16. hxg6 hxg6 17. Rf2 Be7 18. Qf1 Nb3 19. Nxb3 Bxb3 20. Nf3 Na4 21. Qe2 Rh8
22. Bg2 Rdg8 23. Be3 Qd8 24. Raf1 Rg7 25. Bc1 Kb8 26. Qe3 a5 27. Re2 Ba2 28.
Nd2 Qb6 29. g4 Ka7 30. Qf3 Qb5 31. f5 gxf5 32. gxf5 Bg5 33. Rd1 Bh4 34. Nf1 Bb3
35. Rdd2 Qe8 36. f6 Rg6 37. Ne3 Nb6 38. Rf2 Bxf2+ 39. Rxf2 Qg8 40. Kf1 Qh7 41.
Ke1 Ba2 42. b4 cxb3 43. c4 Rxg2 44. Rxg2 Qb1 45. Kd1 Rh1+ 46. Nf1 Nxc4 47. Rf2
b2 48. Rxb2 Nxb2+ 49. Kd2 Nc4+ 0-1

[Event "Open de Provence 2015 A"]
[Site "Salon de Provence"]
[Date "2015.07.04"]
[Round "8.4"]
[White "Chauvet, Vincent"]
[Black "Busson, Benoist"]
[Result "1/2-1/2"]
[WhiteElo "2146"]
[BlackElo "1940"]
[PlyCount "54"]
[EventDate "2015.??.??"]

1. d4 d5 2. c4 e5 3. dxe5 d4 4. Nf3 Nc6 5. a3 f6 6. exf6 Qxf6 7. Bg5 Qg6 8. e3
Bg4 9. Bd3 Qh5 10. Bf4 O-O-O 11. e4 Bd6 12. Bg3 Bxg3 13. fxg3 Nge7 14. O-O Ne5
15. Qe2 c5 16. Rf2 Rhf8 17. Nbd2 Rf6 18. h3 Rh6 19. Qf1 Bxf3 20. Nxf3 Ng4 21.
Rd2 Ne3 22. Qe2 Rf8 23. e5 Nc6 24. g4 Nxg4 25. hxg4 Qh1+ 26. Kf2 Qh4+ 27. Kg1
Qh1+ 1/2-1/2

[Event "Open de Provence 2015 A"]
[Site "Salon de Provence"]
[Date "2015.07.04"]
[Round "8.5"]
[White "Jeanjean, Dominique"]
[Black "Benavides, Jeremy"]
[Result "1-0"]
[WhiteElo "2077"]
[BlackElo "1868"]
[PlyCount "83"]
[EventDate "2015.??.??"]

1. e4 c5 2. Nf3 d6 3. d4 cxd4 4. Nxd4 Nf6 5. Nc3 a6 6. Be2 e5 7. Nb3 Be7 8. O-O
Be6 9. Re1 O-O 10. Bf1 Qc7 11. Nd5 Bxd5 12. exd5 Nbd7 13. c4 Nc5 14. Nd2 a5 15.
b3 Nfd7 16. Bb2 f5 17. a3 Qb6 18. Bc3 Bf6 19. b4 axb4 20. axb4 Rxa1 21. Qxa1
Na6 22. Qa4 Qc7 23. Nb3 Rc8 24. Na5 e4 25. Bxf6 Nxf6 26. Qb5 Rb8 27. Rd1 f4 28.
c5 dxc5 29. d6 Qd7 30. Qc4+ Kf8 31. bxc5 Qg4 32. Rb1 f3 33. Rxb7 Rxb7 34. Nxb7
fxg2 35. Be2 Qg5 36. Qxa6 Qc1+ 37. Kxg2 Qg5+ 38. Kh1 Ng4 39. Qa8+ Kf7 40. Qa2+
Kf8 41. Bc4 g6 42. d7 1-0

[Event "Open de Provence 2015 A"]
[Site "Salon de Provence"]
[Date "2015.07.04"]
[Round "8.7"]
[White "Faure, Alexandre"]
[Black "Joubert, Leo"]
[Result "1-0"]
[WhiteElo "2006"]
[BlackElo "1843"]
[PlyCount "69"]
[EventDate "2015.??.??"]

1. e4 c5 2. c3 g6 3. d4 cxd4 4. cxd4 d5 5. e5 Bg7 6. h3 Nc6 7. Nf3 Bf5 8. Nc3
Be4 9. Bb5 Nh6 10. O-O O-O 11. Ng5 Bf5 12. Be3 f6 13. exf6 exf6 14. Nf3 Be6 15.
Rc1 Nf5 16. Bf4 Nd6 17. Bxc6 bxc6 18. Na4 Rc8 19. Nc5 Bf7 20. Qa4 Ne4 21. Rfe1
Nxc5 22. Rxc5 Qd7 23. Ra5 Ra8 24. Rc1 Rfc8 25. Ra6 Be8 26. Rc5 Qb7 27. Rca5
Qxb2 28. Rxa7 Rxa7 29. Rxa7 c5 30. Qa6 Qb1+ 31. Kh2 Qf5 32. Qb7 Qxf4+ 33. g3
Rc7 34. Qxd5+ Bf7 35. Qd8+ 1-0

[Event "Open de Provence 2015 A"]
[Site "Salon de Provence"]
[Date "2015.07.04"]
[Round "8.8"]
[White "Rihouey, Franck"]
[Black "Baroyan, Davit"]
[Result "1-0"]
[WhiteElo "1862"]
[BlackElo "1978"]
[PlyCount "77"]
[EventDate "2015.??.??"]

1. d4 Nf6 2. Nf3 d5 3. e3 e6 4. Bd3 c5 5. c3 Nc6 6. Nbd2 Bd6 7. O-O O-O 8. dxc5
Bxc5 9. e4 Qc7 10. Qe2 h6 11. b4 Bd6 12. Bb2 Ne5 13. Nxe5 Bxe5 14. Nf3 dxe4 15.
Bxe4 Nxe4 16. Nxe5 Nxc3 17. Bxc3 Qxc3 18. a3 b6 19. Rfc1 Qd4 20. Rd1 Qh4 21.
Rac1 a5 22. Rc7 axb4 23. axb4 Qf4 24. g3 Qf5 25. b5 f6 26. Nc6 Qh3 27. Ne7+ Kh7
28. Qe4+ f5 29. Qxa8 f4 30. Qe4+ Rf5 31. Nxf5 exf5 32. Qe7 Qg4 33. f3 Qg6 34.
Rd6 fxg3 35. Rxg6 gxh2+ 36. Kxh2 Kxg6 37. Qxg7+ Kh5 38. Rc6 Be6 39. Rxe6 1-0

[Event "Open de Provence 2015 A"]
[Site "Salon de Provence"]
[Date "2015.07.04"]
[Round "8.9"]
[White "Kizil, Yilmaz"]
[Black "Escafre, Stephane"]
[Result "1-0"]
[WhiteElo "1704"]
[BlackElo "1795"]
[PlyCount "86"]
[EventDate "2015.??.??"]

1. e4 e6 2. d4 d5 3. Nc3 Nf6 4. e5 Nfd7 5. f4 c5 6. Nf3 Qb6 7. Na4 Qa5+ 8. c3
cxd4 9. b4 Qc7 10. Nxd4 a6 11. Bd2 b5 12. Nb2 Nc6 13. a4 bxa4 14. Nxa4 Rb8 15.
Be3 Be7 16. Bd3 a5 17. Nxc6 Qxc6 18. b5 Rxb5 19. Bxb5 Qxb5 20. Kf2 Ba6 21. Qd2
O-O 22. Rhb1 Qc4 23. Nb6 Nxb6 24. Rxb6 a4 25. Rbb1 f6 26. Kg1 fxe5 27. fxe5 a3
28. Qd4 Qe2 29. Qa7 a2 30. Re1 Qc4 31. Qxe7 d4 32. Bxd4 h5 33. h3 Qd5 34. Qd6
Qc4 35. Qa3 Bb7 36. Qxa2 Qc6 37. Qe2 Rf5 38. Ra2 Rg5 39. Rb1 Rg3 40. Rxb7 Qxb7
41. Rb2 Qf7 42. Rb8+ Kh7 43. Qe4+ g6 1-0

[Event "Open de Provence 2015 A"]
[Site "Salon de Provence"]
[Date "2015.07.04"]
[Round "8.10"]
[White "Gomez, Jose"]
[Black "Derige Kane, Yan"]
[Result "1-0"]
[WhiteElo "1967"]
[BlackElo "1940"]
[PlyCount "114"]
[EventDate "2015.??.??"]

1. e4 e5 2. Nf3 Nc6 3. Nc3 Nf6 4. Bb5 d6 5. d4 exd4 6. Nxd4 Bd7 7. Bxc6 bxc6 8.
O-O Be7 9. Qd3 d5 10. exd5 cxd5 11. Bg5 c5 12. Nf5 Bxf5 13. Qxf5 O-O 14. Rad1
d4 15. Bxf6 Bxf6 16. Qxc5 Qb8 17. Nd5 Qxb2 18. Nxf6+ gxf6 19. Qxd4 Qxd4 20.
Rxd4 Rac8 21. c4 Rfe8 22. Rc1 Re2 23. Kf1 Rxa2 24. c5 Ra6 25. Ke2 Kf8 26. Kf3
Rac6 27. Rd5 Ke7 28. Ke4 Rg8 29. g3 Rg4+ 30. f4 Rg8 31. Rh5 Rh8 32. Kd5 Kd7 33.
Ra1 a6 34. Rb1 Rc7 35. Rb6 Rhc8 36. Kd4 Ke7 37. Rxa6 Rd8+ 38. Kc4 Rd2 39. Ra5
Rc2+ 40. Kd3 Rc1 41. Ke2 Ke6 42. Kf3 Rc6 43. Kg4 Rc4 44. Rxh7 R4xc5 45. Rxc5
Rxc5 46. Rh8 Rc3 47. Re8+ Kd7 48. Re2 Rc5 49. h4 Rc8 50. Kf5 Rg8 51. g4 Rg6 52.
h5 Rh6 53. Ra2 Ke7 54. Ra6 Rh8 55. Ra7+ Kd6 56. Rxf7 Re8 57. Rxf6+ Ke7 1-0

[Event "Open de Provence 2015 A"]
[Site "Salon de Provence"]
[Date "2015.07.04"]
[Round "8.11"]
[White "Maccagnan, Tomas"]
[Black "Baquer, Marc"]
[Result "1-0"]
[WhiteElo "1822"]
[BlackElo "1781"]
[PlyCount "53"]
[EventDate "2015.??.??"]

1. e4 e6 2. d4 d5 3. Nd2 Nf6 4. e5 Nfd7 5. f4 c5 6. c3 Nc6 7. Ndf3 cxd4 8. cxd4
Qb6 9. a3 Be7 10. b4 O-O 11. Bd3 f6 12. Ne2 fxe5 13. dxe5 a5 14. b5 Ncxe5 15.
Nxe5 Nxe5 16. fxe5 Qf2+ 17. Kd2 Qc5 18. Qc2 Qf2 19. Qc3 Bd7 20. Qd4 Qxg2 21.
Rg1 Qxh2 22. Qg4 Qxe5 23. Rb1 Bc5 24. Bb2 Qe3+ 25. Kc2 Qxd3+ 26. Kxd3 Bxb5+ 27.
Kd2 1-0

[Event "Open de Provence 2015 A"]
[Site "Salon de Provence"]
[Date "2015.07.04"]
[Round "8.12"]
[White "Salvi, Michel"]
[Black "Piat, Jean-Pascal"]
[Result "0-1"]
[WhiteElo "1771"]
[BlackElo "1815"]
[PlyCount "67"]
[EventDate "2015.??.??"]

1. e4 d5 2. exd5 Nf6 3. d4 Nxd5 4. Nf3 Bg4 5. h3 Bh5 6. c4 Nb6 7. Nc3 e6 8. g4
Bg6 9. Bg5 Be7 10. h4 f6 11. Bf4 Bd6 12. Bxd6 cxd6 13. Qe2 O-O 14. h5 Bf7 15.
O-O-O a6 16. Nh4 Qc7 17. f3 N8d7 18. Ng6 hxg6 19. hxg6 Bxg6 20. Qxe6+ Rf7 21.
g5 Nf8 22. Qh3 Re7 23. c5 dxc5 24. Qh8+ Kf7 25. gxf6 Qf4+ 26. Rd2 Re1+ 27. Nd1
Qxf6 28. Qh2 Rc8 29. d5 c4 30. Rc2 c3 31. b3 Qd4 32. Be2 Qe3+ 33. Kb1 Bxc2+ 34.
Ka1 0-1

[Event "Open de Provence 2015 A"]
[Site "Salon de Provence"]
[Date "2015.07.04"]
[Round "8.13"]
[White "Jullien, Patrick"]
[Black "Dhamelincourt, Thomas"]
[Result "1-0"]
[WhiteElo "1553"]
[BlackElo "1550"]
[PlyCount "87"]
[EventDate "2015.??.??"]

1. e4 e6 2. d4 d5 3. Nd2 Nf6 4. e5 Nfd7 5. Ngf3 c5 6. c3 Nc6 7. Bd3 cxd4 8.
cxd4 Qb6 9. O-O Nxd4 10. Nxd4 Qxd4 11. Nf3 Qb6 12. Qa4 Qb4 13. Qc2 g6 14. a3
Qc5 15. Qe2 Bg7 16. Be3 Qe7 17. Bf4 O-O 18. b4 f6 19. Rfe1 fxe5 20. Bxe5 Nxe5
21. Nxe5 Bxe5 22. Qxe5 Qf6 23. Qg3 a6 24. Rac1 Bd7 25. h4 Rae8 26. h5 g5 27.
Rc7 Re7 28. Rxb7 e5 29. Ra7 e4 30. Rxa6 Qf4 31. Qxf4 gxf4 32. Be2 d4 33. Bc4+
Kg7 34. h6+ Kh8 35. Rd6 Bf5 36. Rxd4 Ra7 37. Ra1 Rb8 38. a4 Rd7 39. Rxd7 Bxd7
40. b5 Rf8 41. a5 e3 42. fxe3 fxe3 43. a6 Bg4 44. a7 1-0

[Event "Open de Provence 2015 A"]
[Site "Salon de Provence"]
[Date "2015.07.04"]
[Round "8.14"]
[White "Loysel, Yves"]
[Black "Duval, Jean-Pierre"]
[Result "0-1"]
[WhiteElo "1723"]
[BlackElo "1757"]
[PlyCount "67"]
[EventDate "2015.??.??"]

1. e4 e6 2. d4 d5 3. Nd2 c5 4. exd5 Qxd5 5. Ngf3 Nc6 6. Bc4 Qd8 7. O-O Nf6 8.
Qe2 cxd4 9. Nb3 Be7 10. Rd1 Qc7 11. Nbxd4 a6 12. c3 O-O 13. h3 Nxd4 14. cxd4 b5
15. Bd3 Bb7 16. Bd2 Rac8 17. Rac1 Qb8 18. Bg5 Qa8 19. Ne1 h6 20. Bf4 Rfd8 21.
Be3 Bb4 22. f3 Bd6 23. Bc2 Qb8 24. Nd3 Nd5 25. Bf2 Rc6 26. Ne5 Bxe5 27. dxe5
Nf4 28. Rxd8+ Qxd8 29. Qe4 Qg5 30. g4 Ne2+ 31. Kh2 Rxc2 32. Qxb7 Qxe5+ 33. Kg2
Nf4+ 34. Kh2 0-1

[Event "Open de Provence 2015 A"]
[Site "Salon de Provence"]
[Date "2015.07.04"]
[Round "8.15"]
[White "Porte, Jacques"]
[Black "Catot, Olivier"]
[Result "0-1"]
[WhiteElo "1446"]
[BlackElo "1601"]
[PlyCount "105"]
[EventDate "2015.??.??"]

1. d4 Nf6 2. c4 e6 3. Nf3 c5 4. dxc5 Bxc5 5. Nc3 Nc6 6. Bg5 Qb6 7. e3 Be7 8.
Qc2 h6 9. Bh4 d6 10. Bd3 Nb4 11. Qd2 Nxd3+ 12. Qxd3 Bd7 13. O-O Bc6 14. Nd4 Qc7
15. Nxc6 bxc6 16. Rad1 Rd8 17. h3 O-O 18. Bg3 c5 19. Qc2 a6 20. Rd2 Rd7 21.
Rfd1 Rfd8 22. b3 Qc6 23. e4 e5 24. Bh4 g5 25. Bg3 Kg7 26. Qd3 Bf8 27. f3 Nh5
28. Bh2 Kh8 29. Nd5 Re8 30. g4 Nf4 31. Bxf4 gxf4 32. Nf6 Re6 33. Nxd7 Qxd7 34.
Qd5 Rg6 35. Qxe5+ Bg7 36. Qd5 Bd4+ 37. Kh2 Qd8 38. Qxf7 Qh4 39. Rg2 Rg7 40.
Qxf4 Be5 41. Qxe5 dxe5 42. Rd5 Qe7 43. Rgd2 Kh7 44. Rd6 Qf7 45. Kg2 Qf4 46.
R2d3 h5 47. Rd7 h4 48. Kf1 Qg3 49. R7d5 Qxh3+ 50. Ke2 Qg2+ 51. Ke3 Qg3 52. Kd2
h3 53. Ke3 0-1

[Event "Open de Provence 2015 A"]
[Site "Salon de Provence"]
[Date "2015.07.04"]
[Round "8.16"]
[White "Morris, Keith"]
[Black "Sanchez, Frederic"]
[Result "0-1"]
[WhiteElo "1715"]
[BlackElo "1738"]
[PlyCount "48"]
[EventDate "2015.??.??"]

1. e4 c6 2. c4 d5 3. d4 dxe4 4. Nc3 Nf6 5. Bg5 Bg4 6. Be2 Bxe2 7. Ngxe2 Nbd7 8.
O-O h6 9. Bxf6 Nxf6 10. Qc2 Qc7 11. Nxe4 O-O-O 12. b4 e5 13. Nxf6 gxf6 14. Qf5+
Kb8 15. dxe5 Qxe5 16. Qxe5+ fxe5 17. c5 Rd2 18. Ng3 Be7 19. a4 Rhd8 20. b5 cxb5
21. Ne4 R2d4 22. Nc3 b4 23. Nb5 Rd3 24. Rab1 Bxc5 0-1

[Event "Open de Provence 2015 A"]
[Site "Salon de Provence"]
[Date "2015.07.04"]
[Round "8.17"]
[White "Fournier, Alain"]
[Black "Derien, Robert"]
[Result "0-1"]
[WhiteElo "1589"]
[BlackElo "1626"]
[PlyCount "96"]
[EventDate "2015.??.??"]

1. d4 Nf6 2. Bf4 d5 3. e3 Ne4 4. Nd2 Bf5 5. Ngf3 h6 6. Bd3 c6 7. Ne5 Nd7 8. f3
Nxe5 9. dxe5 Nxd2 10. Bxf5 e6 11. Bxe6 fxe6 12. Qxd2 Qb6 13. O-O-O O-O-O 14.
Qd3 g5 15. Qg6 gxf4 16. Qxe6+ Kb8 17. exf4 Qe3+ 18. Kb1 Qxf4 19. Rhf1 Bg7 20.
Rde1 Rhe8 21. g3 Qd4 22. Qg6 Rxe5 23. Rd1 Rg5 24. Rxd4 Rxg6 25. Rd2 Re6 26. c3
Rde8 27. Rff2 a5 28. a4 h5 29. h3 Bh6 30. f4 Re4 31. b3 Bg7 32. Kc2 Kc7 33. g4
hxg4 34. hxg4 Rf8 35. Rde2 Rfe8 36. Kd3 c5 37. c4 dxc4+ 38. bxc4 Rd4+ 39. Kc2
Rxc4+ 40. Kb3 Rb4+ 41. Ka3 Ree4 42. Rxe4 Rxe4 43. f5 Re3+ 44. Ka2 Rg3 45. Re2
Kd6 46. Re8 Rf3 47. Rb8 Rf4 48. Rxb7 Rxa4+ 0-1

[Event "Open de Provence 2015 A"]
[Site "Salon de Provence"]
[Date "2015.07.04"]
[Round "9.1"]
[White "Midoux, Sebastien"]
[Black "Rayne, Remy"]
[Result "1-0"]
[WhiteElo "2316"]
[BlackElo "2181"]
[PlyCount "91"]
[EventDate "2015.??.??"]

1. Nf3 d5 2. c4 c6 3. e3 Nf6 4. Qc2 g6 5. b3 Bf5 6. d3 Bg7 7. Bb2 Na6 8. a3 O-O
9. Be2 Rc8 10. O-O Re8 11. Nbd2 Nc5 12. Rfd1 dxc4 13. Nxc4 Be6 14. b4 Ncd7 15.
h3 c5 16. b5 Qc7 17. Rac1 Bxc4 18. Qxc4 e5 19. Nd2 Nb6 20. Qb3 Qe7 21. Rc2 Rc7
22. Rdc1 Rec8 23. Bf3 Rd8 24. a4 Rcd7 25. Be2 Rc7 26. Ba3 Nbd7 27. Bf3 b6 28.
a5 Nf8 29. axb6 axb6 30. Bc6 N6d7 31. Nc4 Qe6 32. Rb1 h5 33. e4 g5 34. Ne3 Qxb3
35. Rxb3 Ne6 36. Bb2 c4 37. dxc4 Ndc5 38. Ra3 Nf4 39. Nd5 Nxd5 40. Bxd5 Bf8 41.
Bxe5 Rcd7 42. Bf6 Be7 43. Bxg5 Bxg5 44. Rg3 Kh7 45. Rxg5 Kh6 46. Rf5 1-0

[Event "Open de Provence 2015 A"]
[Site "Salon de Provence"]
[Date "2015.07.04"]
[Round "9.2"]
[White "Petrossian, Armen"]
[Black "Merenciano, Alexandre"]
[Result "1/2-1/2"]
[WhiteElo "2419"]
[BlackElo "2188"]
[PlyCount "108"]
[EventDate "2015.??.??"]

1. e4 e6 2. d4 d5 3. Nc3 dxe4 4. Nxe4 Bd7 5. Nf3 Bc6 6. Bd3 Nd7 7. O-O Ngf6 8.
Qe2 Bxe4 9. Bxe4 c6 10. Bd3 Bd6 11. Ne5 Bxe5 12. dxe5 Nd5 13. a3 Nc5 14. Qg4
Qc7 15. Qxg7 O-O-O 16. Re1 Nxd3 17. cxd3 h5 18. Qg3 Ne7 19. Bg5 Rd4 20. Re4
Rhd8 21. Qh4 Rxe4 22. dxe4 Rd7 23. Bxe7 Rxe7 24. Qxh5 Rd7 25. Qh8+ Rd8 26. Qg7
b5 27. h4 Rd4 28. Re1 Qa5 29. Kf1 Qd2 30. Qxf7 Qd3+ 31. Kg1 Qd2 32. Re3 Qxb2
33. Qxe6+ Kc7 34. Rf3 Rxe4 35. Qe7+ Kb6 36. Rf7 Re1+ 37. Kh2 Qxe5+ 38. Qxe5
Rxe5 39. g4 a5 40. h5 b4 41. axb4 axb4 42. Rf8 Kc7 43. h6 Re7 44. g5 Rh7 45.
Ra8 Kb7 46. Ra1 c5 47. Kg3 Kc6 48. Kg4 b3 49. Kh5 c4 50. g6 b2 51. Ra6+ Kb7 52.
gxh7 b1=Q 53. h8=Q Qf5+ 54. Kh4 Qf4+ 1/2-1/2

[Event "Open de Provence 2015 A"]
[Site "Salon de Provence"]
[Date "2015.07.04"]
[Round "9.3"]
[White "Barret, Simon"]
[Black "Faure, Alexandre"]
[Result "1-0"]
[WhiteElo "2161"]
[BlackElo "2006"]
[PlyCount "93"]
[EventDate "2015.??.??"]

1. d4 e6 2. e4 d5 3. Nc3 Nf6 4. e5 Nfd7 5. f4 c5 6. Nf3 Nc6 7. Be3 a6 8. Qd2 b5
9. dxc5 Bxc5 10. Bd3 Qb6 11. Bf2 O-O 12. O-O Bxf2+ 13. Qxf2 Qxf2+ 14. Rxf2 Nc5
15. Rd1 b4 16. Ne2 Bd7 17. Ned4 Nxd3 18. cxd3 Nxd4 19. Nxd4 Rfc8 20. Rff1 Rc7
21. Rc1 Rac8 22. Rxc7 Rxc7 23. Kf2 Kf8 24. Ke3 Ke7 25. Kd2 Ba4 26. g4 f6 27.
Rf3 Rc8 28. h4 h6 29. Re3 Bd7 30. h5 Rf8 31. Rf3 Rc8 32. Rf1 Rf8 33. Ke2 Rc8
34. Rg1 Rf8 35. Ke3 Be8 36. Rc1 Bd7 37. Nc6+ Bxc6 38. Rxc6 fxe5 39. fxe5 Ra8
40. Rc7+ Kf8 41. Kd4 Kg8 42. Re7 Rf8 43. Rxe6 Rf2 44. Rxa6 Rxb2 45. Kxd5 Rg2
46. e6 Kf8 47. Kd6 1-0

[Event "Open de Provence 2015 A"]
[Site "Salon de Provence"]
[Date "2015.07.04"]
[Round "9.4"]
[White "Kolb, Sebastien"]
[Black "Jeanjean, Dominique"]
[Result "0-1"]
[WhiteElo "2077"]
[BlackElo "2077"]
[PlyCount "93"]
[EventDate "2015.??.??"]

1. e4 e5 2. Nf3 Nc6 3. d4 exd4 4. Nxd4 Nf6 5. Nxc6 bxc6 6. e5 Qe7 7. Qe2 Nd5 8.
c4 Ba6 9. b3 g5 10. Bb2 Nf4 11. Qe3 Bg7 12. h4 h6 13. h5 d5 14. g3 Ne6 15. cxd5
Bxf1 16. Kxf1 cxd5 17. Nd2 c5 18. f4 gxf4 19. gxf4 f5 20. Re1 Qf7 21. Qf3 O-O
22. Rg1 Kh7 23. Kf2 Rg8 24. Rg6 Bf8 25. Reg1 Be7 26. Nf1 Bh4+ 27. Ke2 c4 28.
bxc4 Rab8 29. Ba1 Rgd8 30. Rxe6 Qxe6 31. Rg6 Qc8 32. Ne3 d4 33. Rc6 d3+ 34. Kd2
Rb1 35. Ng2 Qb8 36. Nxh4 Rxa1 37. Rxh6+ Kxh6 38. Qc6+ Kxh5 39. Qg6+ Kxh4 40.
Qg5+ Kh3 41. Qxf5+ Kg3 42. Qg5+ Kf3 43. Qh5+ Kxf4 44. Qh6+ Kxe5 45. Qg7+ Kd6
46. Qf6+ Kc5 47. Qe5+ 0-1

[Event "Open de Provence 2015 A"]
[Site "Salon de Provence"]
[Date "2015.07.04"]
[Round "9.5"]
[White "Busson, Benoist"]
[Black "Rihouey, Franck"]
[Result "1-0"]
[WhiteElo "1940"]
[BlackElo "1862"]
[PlyCount "141"]
[EventDate "2015.??.??"]

1. e4 e6 2. Nf3 d5 3. e5 c5 4. b4 c4 5. c3 Ne7 6. h4 Qc7 7. h5 Nd7 8. d4 cxd3
9. Bf4 Qc4 10. Qd2 Qe4+ 11. Kd1 Qc4 12. Bxd3 Qc7 13. Na3 a6 14. Rc1 Nc6 15. Re1
b5 16. Nc2 Nb6 17. a3 Nc4 18. Bxc4 dxc4 19. Ncd4 Bb7 20. Kc2 Rd8 21. Qe3 Ne7
22. h6 Nd5 23. Qd2 Nxf4 24. Qxf4 gxh6 25. Qf6 Rg8 26. Nxe6 fxe6 27. Qxe6+ Qe7
28. Qxg8 Rd3 29. e6 Bxf3 30. gxf3 Rxf3 31. Re2 Qf6 32. Kb2 Ke7 33. Qf7+ Qxf7
34. exf7+ Kxf7 35. Rf1 Kf6 36. Re3 Rf5 37. Re8 Bg7 38. Re2 h5 39. Rfe1 h4 40.
Re6+ Kf7 41. Rxa6 Rf3 42. Ra7+ Kf8 43. Ree7 Bxc3+ 44. Kc1 Bd4 45. Rab7 Rxf2 46.
Kd1 c3 47. Rec7 Kg8 48. Rc8+ Rf8 49. Rxf8+ Kxf8 50. Rxh7 Bf6 51. Rh5 Ke7 52.
Rxb5 Kd7 53. Kc2 Ke6 54. Rh5 Kf7 55. Rf5 Ke6 56. Rf3 Be5 57. Rh3 Bf6 58. Kd3
Kf5 59. b5 Kg4 60. Rh1 h3 61. b6 Kg3 62. b7 Be5 63. a4 Kg2 64. Rb1 Bb8 65. Kxc3
h2 66. a5 Ba7 67. a6 h1=Q 68. Rxh1 Kxh1 69. Kc4 Kg2 70. Kd5 Kf3 71. Kc6 1-0

[Event "Open de Provence 2015 A"]
[Site "Salon de Provence"]
[Date "2015.07.04"]
[Round "9.6"]
[White "Dudognon, Thibault"]
[Black "Kizil, Yilmaz"]
[Result "1-0"]
[WhiteElo "2164"]
[BlackElo "1704"]
[PlyCount "83"]
[EventDate "2015.??.??"]

1. e4 e5 2. Nf3 Nc6 3. Bb5 a6 4. Bxc6 dxc6 5. O-O Bg4 6. h3 h5 7. d3 Qd7 8. Be3
Bxh3 9. gxh3 Qxh3 10. Ng5 Qd7 11. Re1 f6 12. Nf3 Nh6 13. Kf1 Ng4 14. Ke2 O-O-O
15. Nbd2 Nxe3 16. fxe3 g5 17. Rh1 h4 18. Qg1 h3 19. Nh2 Kb8 20. Qg4 Qe7 21.
Nhf3 Qc5 22. Rac1 f5 23. exf5 Bg7 24. Rxh3 Rhe8 25. Nb3 Qf8 26. e4 c5 27. Nbd2
b5 28. Nxg5 Bh6 29. Ne6 Rxe6 30. fxe6 Bf4 31. Rch1 c4 32. Rh8 cxd3+ 33. cxd3
Qb4 34. Rxd8+ Kb7 35. Rd1 Qc5 36. d4 Qc2 37. e7 Qxb2 38. Qc8+ Kb6 39. Qb8+ Ka5
40. Qxc7+ Ka4 41. e8=Q exd4 42. Qxf4 1-0

[Event "Open de Provence 2015 A"]
[Site "Salon de Provence"]
[Date "2015.07.04"]
[Round "9.7"]
[White "Gomez, Jose"]
[Black "Chauvet, Vincent"]
[Result "0-1"]
[WhiteElo "1967"]
[BlackElo "2146"]
[PlyCount "49"]
[EventDate "2015.??.??"]

1. e4 e5 2. Nf3 Nc6 3. Nc3 Nf6 4. Bb5 Bb4 5. O-O O-O 6. d3 d6 7. Ne2 Bg4 8. c3
Bxf3 9. gxf3 Bc5 10. Ng3 Bb6 11. Bxc6 bxc6 12. Kh1 Nd7 13. Nf5 Kh8 14. Rg1 g6
15. Bh6 Rg8 16. Qd2 Qf6 17. Bg5 Qe6 18. Nh6 Rgf8 19. Rg2 f6 20. Be3 f5 21. exf5
gxf5 22. Rag1 Bxe3 23. Qxe3 f4 24. Qe4 d5 25. Qa4 0-1

[Event "Open de Provence 2015 A"]
[Site "Salon de Provence"]
[Date "2015.07.04"]
[Round "9.8"]
[White "Baroyan, Davit"]
[Black "Jullien, Patrick"]
[Result "0-1"]
[WhiteElo "1978"]
[BlackElo "1553"]
[PlyCount "124"]
[EventDate "2015.??.??"]

1. d4 Nf6 2. c4 e6 3. Nc3 d5 4. Nf3 Be7 5. cxd5 exd5 6. Bf4 c6 7. e3 O-O 8. Bd3
Nbd7 9. O-O Re8 10. h3 Nf8 11. Qc2 Ng6 12. Bg5 Ne4 13. Bxe4 Bxg5 14. Bxg6 hxg6
15. b4 Bf5 16. Qe2 Bf6 17. Rac1 Qb6 18. b5 Rac8 19. bxc6 bxc6 20. g4 Be4 21.
Nd2 Qd8 22. Ncxe4 dxe4 23. Qa6 Qb6 24. Qa4 Qc7 25. d5 Qd6 26. Nxe4 Qxd5 27.
Nxf6+ gxf6 28. Qxa7 Qf3 29. Kh2 Kg7 30. Qd4 Re4 31. Qd1 Qxd1 32. Rfxd1 Ra4 33.
Rc2 Rca8 34. Rdd2 c5 35. Kg3 c4 36. Kf3 c3 37. Re2 Kf8 38. e4 Ke7 39. Ke3 Ke6
40. f3 g5 41. Rf2 Ke5 42. Kd3 Ra3 43. Rxc3 Rd8+ 44. Kc4 Rc8+ 45. Kb4 Rcxc3 46.
f4+ Kxe4 47. fxg5 fxg5 48. Rxf7 Rxh3 49. Rf5 Rxa2 50. Rxg5 Rg2 51. Rh5 Rxh5 52.
gxh5 Rh2 53. Kc5 Rxh5+ 54. Kd6 Kd4 55. Kc6 Rg5 56. Kb6 Ke4 57. Kc6 Rg6+ 58. Kd7
Kd5 59. Kc7 Rh6 60. Kb7 Kc5 61. Ka7 Kb5 62. Kb7 Rh7+ 0-1

[Event "Open de Provence 2015 A"]
[Site "Salon de Provence"]
[Date "2015.07.04"]
[Round "9.9"]
[White "Benavides, Jeremy"]
[Black "Colandrea, Sauveur"]
[Result "1-0"]
[WhiteElo "1868"]
[BlackElo "1765"]
[PlyCount "55"]
[EventDate "2015.??.??"]

1. e4 d6 2. d4 Nf6 3. Nc3 e5 4. dxe5 dxe5 5. Qxd8+ Kxd8 6. Bg5 Be6 7. O-O-O+
Nbd7 8. Nf3 Bd6 9. Bb5 Ke7 10. Bxd7 Bxd7 11. Nd5+ Ke6 12. Bxf6 gxf6 13. Nh4 c6
14. Nxf6 Bc8 15. Ng4 Ke7 16. Ne3 Bc5 17. Nhf5+ Bxf5 18. Nxf5+ Ke6 19. Rd2 Rad8
20. Rhd1 Rxd2 21. Rxd2 h5 22. c3 a5 23. a4 h4 24. h3 Be7 25. Kc2 Rd8 26. Nxe7
Rxd2+ 27. Kxd2 Kxe7 28. Ke3 1-0

[Event "Open de Provence 2015 A"]
[Site "Salon de Provence"]
[Date "2015.07.04"]
[Round "9.10"]
[White "Piat, Jean-Pascal"]
[Black "Maccagnan, Tomas"]
[Result "0-1"]
[WhiteElo "1815"]
[BlackElo "1822"]
[PlyCount "104"]
[EventDate "2015.??.??"]

1. d4 d5 2. e4 e6 3. Nc3 Nf6 4. e5 Nfd7 5. f4 c5 6. Nf3 Nc6 7. Be3 a6 8. Qd2 g5
9. Ne2 gxf4 10. Bxf4 cxd4 11. Nexd4 Bg7 12. Nxc6 bxc6 13. Bd3 Qc7 14. Qe2 Rb8
15. c3 Nc5 16. b4 Nxd3+ 17. Qxd3 Qb6 18. a4 a5 19. Be3 Qc7 20. Qd4 Bf8 21. O-O
Rg8 22. Qh4 axb4 23. Qxh7 Rg7 24. Qh5 Ba6 25. Rf2 Bd3 26. Ng5 Bg6 27. Qh8 b3
28. Bc5 Kd7 29. Bxf8 b2 30. Rb1 Bxb1 31. Qxg7 Bg6 32. Bc5 b1=Q+ 33. Rf1 Qxf1+
34. Kxf1 Rb1+ 35. Kf2 Kc8 36. Nf3 Qd8 37. a5 Qxa5 38. Qh8+ Qd8 39. Qh6 Rb2+ 40.
Ke3 Kb7 41. g4 Qa5 42. Qf8 Qxc3+ 43. Kf4 Qc4+ 44. Nd4 Qc1+ 45. Kg3 Qg1+ 46. Kh4
Rxh2+ 47. Kg5 Qe3+ 48. Kf6 Qf4+ 49. Ke7 Qxe5 50. Nb3 Qc7+ 51. Kf6 Rh3 52. Na5+
Qxa5 0-1

[Event "Open de Provence 2015 A"]
[Site "Salon de Provence"]
[Date "2015.07.04"]
[Round "9.12"]
[White "Baquer, Marc"]
[Black "Duval, Jean-Pierre"]
[Result "1-0"]
[WhiteElo "1781"]
[BlackElo "1757"]
[PlyCount "51"]
[EventDate "2015.??.??"]

1. d4 d6 2. Bg5 g6 3. e3 Bg7 4. Bd3 c5 5. c3 Qa5 6. Qd2 cxd4 7. exd4 Nd7 8. Nf3
e5 9. O-O h6 10. Bh4 g5 11. Bg3 f6 12. Bg6+ Kd8 13. dxe5 dxe5 14. Rd1 Ne7 15.
Bf7 Qb6 16. Na3 Rf8 17. Bb3 Ke8 18. Nc4 Qc6 19. Nd6+ Kd8 20. Qc2 b5 21. a4 b4
22. a5 bxc3 23. Ba4 Qc5 24. Qb3 Nc6 25. bxc3 Nxa5 26. Qe6 1-0

[Event "Open de Provence 2015 A"]
[Site "Salon de Provence"]
[Date "2015.07.04"]
[Round "9.13"]
[White "Derige Kane, Yan"]
[Black "Derien, Robert"]
[Result "1-0"]
[WhiteElo "1940"]
[BlackElo "1626"]
[PlyCount "105"]
[EventDate "2015.??.??"]

1. d4 Nf6 2. Bg5 d5 3. Nf3 c6 4. e3 Nbd7 5. c4 e6 6. cxd5 exd5 7. Nc3 Bb4 8.
Bd3 O-O 9. O-O h6 10. Bh4 Re8 11. Qc2 Be7 12. Bg3 Nf8 13. e4 dxe4 14. Nxe4 Nxe4
15. Bxe4 Bf6 16. Rad1 Be6 17. Ne5 Rc8 18. a3 Bd5 19. Bf5 Be6 20. Bd3 Bd5 21.
Bc4 Qe7 22. Bxd5 cxd5 23. Qb3 Bxe5 24. dxe5 d4 25. Rxd4 Qc5 26. Rd7 Ne6 27.
Rxb7 Red8 28. h4 Rd4 29. Qf3 Rf8 30. Rb3 Rd5 31. Qc3 Qe7 32. Rb4 a5 33. Rc4
Rfd8 34. Rc8 Rxc8 35. Qxc8+ Kh7 36. Qc2+ g6 37. Rc1 Qd8 38. Qc8 Qe7 39. Kh2 Rd8
40. Qc3 Rd5 41. b4 axb4 42. Qxb4 Qd7 43. Qb8 Rd3 44. Rc8 Nd8 45. Rc7 Qf5 46. a4
g5 47. Rc4 Ne6 48. Qb2 gxh4 49. Rxh4 Ng5 50. Qc1 Qg6 51. Bf4 Rh3+ 52. Rxh3 Nxh3
53. gxh3 1-0